[Event "TV2 Fagernes International 2018"]
[Site "Scandic Hotel Fagernes"]
[Date "2018.03.25"]
[Round "5"]
[White "Ali, Karim"]
[Black "Tocklin, Tomi"]
[Result "1/2-1/2"]
[WhiteElo "1739"]
[BlackElo "1844"]
[PlyCount "172"]
[EventDate "2018.??.??"]

1. d4 Nf6 2. Bf4 c5 3. e3 cxd4 4. exd4 d5 5. Bd3 Nc6 6. c3 Bg4 7. Nf3 e6 8.
Nbd2 Be7 9. Qb3 Qc8 10. h3 Bh5 11. O-O O-O 12. Rfe1 a6 13. Ne5 Nxe5 14. Bxe5
Nd7 15. Bh2 Bg6 16. Bf1 Qc6 17. c4 Bf6 18. cxd5 Qxd5 19. Qxd5 exd5 20. Nf3 Be4
21. Ne5 Nb6 22. f3 Bg6 23. b3 Rac8 24. Rac1 Rxc1 25. Rxc1 Rc8 26. Rxc8+ Nxc8
27. Kf2 Bb1 28. a3 Be7 29. b4 Nd6 30. g4 Bh4+ 31. Bg3 Bxg3+ 32. Kxg3 Ba2 33.
Kf2 Bc4 34. Nxc4 dxc4 35. Ke3 Kf8 36. a4 b5 37. a5 g5 38. d5 Ke7 39. Kd4 Kd7
40. Be2 f6 41. Bd1 Nb7 42. Bc2 h6 43. Bf5+ Kc7 44. Ke3 Nd6 45. Bc2 Ne8 46. Bg6
Nd6 47. Kd4 Nb7 48. Bh7 Nd8 49. Bg8 Kd6 50. Bh7 Nf7 51. Bf5 Kc7 52. Kc5 Nd6 53.
Bc2 Nb7+ 54. Kd4 Kd6 55. Bf5 Kc7 56. Ke3 Nd6 57. Bc2 Nb7 58. f4 Nd6 59. fxg5
fxg5 60. Kd4 Nf7 61. Bg6 Nd6 62. Ke5 Kd7 63. Kd4 Kc7 64. Bc2 Nf7 65. Bf5 Nd6
66. Be6 Ne8 67. Bf5 Kd6 68. Be4 Nf6 69. Bf3 c3 70. Kxc3 Nxd5+ 71. Kb3 Ke5 72.
Bg2 Kd4 73. Bf3 Nc7 74. Bb7 Ke3 75. Kc3 Kf2 76. Kd4 Kg3 77. Bc8 Kxh3 78. Kc5
Kg3 79. Kb6 Nd5+ 80. Kxa6 Nxb4+ 81. Kxb5 Nd5 82. a6 Nc7+ 83. Kb6 Nxa6 84. Kxa6
Kh4 85. Kb5 h5 86. gxh5 Kxh5 
1/2-1/2

[Event "TV2 Fagernes International 2018"]
[Site "Scandic Hotel Fagernes"]
[Date "2018.03.25"]
[Round "5"]
[White "Stai, Sondre"]
[Black "Aarnes, Eirik"]
[Result "0-1"]
[WhiteElo "1636"]
[BlackElo "1785"]
[PlyCount "46"]
[EventDate "2018.??.??"]

1. d4 d5 2. c4 c6 3. Nf3 Nf6 4. Nc3 e6 5. Qc2 Bd6 6. g3 Nbd7 7. Bg2 O-O 8. O-O
Re8 9. Rd1 Qe7 10. e4 dxe4 11. Nxe4 Nxe4 12. Qxe4 e5 13. dxe5 Nxe5 14. Ng5 g6
15. Qh4 h5 16. Qd4 Bc5 17. Qc3 Bg4 18. Re1 Bxf2+ 19. Kxf2 Nd3+ 20. Kg1 Qxe1+
21. Qxe1 Rxe1+ 22. Bf1 Rxc1 23. Rxc1 Nxc1
0-1

[Event "TV2 Fagernes International 2018"]
[Site "Scandic Hotel Fagernes"]
[Date "2018.03.25"]
[Round "5"]
[White "Mella, Aage"]
[Black "Odden, Jan Ove"]
[Result "1/2-1/2"]
[WhiteElo "1720"]
[BlackElo "1500"]
[PlyCount "89"]
[EventDate "2018.??.??"]

1. c4 Nf6 2. Nf3 c5 3. g3 e6 4. Bg2 Nc6 5. Nc3 Be7 6. O-O O-O 7. b3 a6 8. e3 d5
9. cxd5 exd5 10. d4 Bg4 11. Ne2 Qd7 12. Bb2 cxd4 13. Nfxd4 Rad8 14. f3 Bh3 15.
Rc1 Bxg2 16. Kxg2 Rfe8 17. a3 Ne5 18. Qd2 Ng6 19. Rc2 Rc8 20. Rfc1 Rxc2 21.
Rxc2 h6 22. Nc1 Nh7 23. Nd3 Bf6 24. Qc1 Ng5 25. Nf2 Qe7 26. Rc8 Kh7 27. Rxe8
Qxe8 28. Ng4 Be7 29. h4 h5 30. hxg5 hxg4 31. f4 Bf8 32. Qg1 Kg8 33. Kf2 Qd7 34.
Qc1 Be7 35. Qc2 Bf8 36. Qf5 Qxf5 37. Nxf5 Ne7 38. Nd4 Nc6 39. b4 g6 40. Ke2 Bd6
41. Kd3 Kf8 42. Nb3 Ke7 43. Bd4 Ke6 44. Bc5 Ne7 45. Bxd6
1/2-1/2

[Event "TV2 Fagernes International 2018"]
[Site "Scandic Hotel Fagernes"]
[Date "2018.03.25"]
[Round "5"]
[White "Gjestemoen-Vonhirsch, Andre"]
[Black "Sola, Roar"]
[Result "1-0"]
[WhiteElo "1691"]
[BlackElo "1378"]
[PlyCount "47"]
[EventDate "2018.??.??"]

1. e4 e5 2. Nf3 Nc6 3. Bc4 Bc5 4. b4 Bxb4 5. c3 Bc5 6. d4 exd4 7. O-O Nf6 8.
cxd4 Bb6 9. Ba3 d5 10. exd5 Nxd5 11. Re1+ Be6 12. Qb3 Nxd4 13. Nxd4 Bxd4 14.
Bxd5 Qf6 15. Nd2 Qxf2+ 16. Kh1 Bxa1 17. Nf3 c5 18. Qb5+ Kd8 19. Rd1 Bd4 20.
Bxe6 fxe6 21. Bxc5 Kc7 22. Bxd4 Qxa2 23. Be5+ Kc8 24. Qd7#
1-0

[Event "TV2 Fagernes International 2018"]
[Site "Scandic Hotel Fagernes"]
[Date "2018.03.25"]
[Round "5"]
[White "Hina, Ariza"]
[Black "Flatebø, Hallvard Haug"]
[Result "0-1"]
[WhiteElo "1570"]
[BlackElo "1684"]
[PlyCount "60"]
[EventDate "2018.??.??"]

1. e4 c5 2. Nc3 a6 3. f4 b5 4. Nf3 Bb7 5. d3 e6 6. Be2 d5 7. exd5 exd5 8. d4
Nf6 9. O-O Nc6 10. Kh1 Bd6 11. dxc5 Bxc5 12. Bd3 O-O 13. Qe1 Re8 14. Qh4 Ne4
15. Qxd8 Raxd8 16. Bxe4 dxe4 17. Ng1 Nb4 18. Nge2 Nxc2 19. Rb1 e3 20. a3 b4 21.
Na4 Ba7 22. axb4 Nxb4 23. b3 Be4 24. Ra1 Bd3 25. Nac3 Bd4 26. Bb2 Bxc3 27. Bxc3
Bxe2 28. Rfc1 Nd3 29. Rcb1 Nxf4 30. g3 Bf3+
0-1

[Event "TV2 Fagernes International 2018"]
[Site "Scandic Hotel Fagernes"]
[Date "2018.03.25"]
[Round "5"]
[White "Syse, Knut"]
[Black "Selvik, Kjetil"]
[Result "1-0"]
[WhiteElo "1671"]
[BlackElo "1535"]
[PlyCount "39"]
[EventDate "2018.??.??"]

1. Nf3 b6 2. e4 Bb7 3. Nc3 e6 4. d4 d5 5. e5 Ba6 6. Bxa6 Nxa6 7. O-O c5 8. Be3
cxd4 9. Nxd4 Be7 10. Qg4 g6 11. Nxe6 fxe6 12. Qa4+ Qd7 13. Qxa6 d4 14. Rad1 Bc5
15. Nb5 Qg7 16. Bxd4 Bxd4 17. Nxd4 Qxe5 18. Rfe1 Qc7 19. Nxe6 Kf7 20. Ng5+
1-0

[Event "TV2 Fagernes International 2018"]
[Site "Scandic Hotel Fagernes"]
[Date "2018.03.25"]
[Round "5"]
[White "Leonhardsen, Vebjørn Maanum"]
[Black "Skrede, Alexander"]
[Result "1-0"]
[WhiteElo "1650"]
[BlackElo "1242"]
[PlyCount "71"]
[EventDate "2018.??.??"]

1. d4 d5 2. Nf3 Nf6 3. c4 e6 4. Nc3 Bd6 5. Bg5 Nbd7 6. cxd5 exd5 7. Nxd5 h6 8.
Nxf6+ Nxf6 9. Bd2 Bg4 10. e3 Qe7 11. Be2 Ne4 12. O-O O-O-O 13. Qc2 Ng5 14. Qd1
Ne4 15. a4 h5 16. Bc3 Rh6 17. a5 Rg6 18. g3 h4 19. Ne5 Bxe5 20. Bxg4+ Kb8 21.
Bf5 Nxc3 22. bxc3 Rf6 23. Qd3 g6 24. Be4 c6 25. Rfb1 Bc7 26. Bg2 Rh8 27. Qc4
Qd7 28. d5 Kc8 29. dxc6 bxc6 30. Qa6+ Kd8 31. Qxa7 hxg3 32. hxg3 Rf5 33. Qa8+
Qc8 34. Rd1+ Ke7 35. Qxc8 Rxc8 36. Bh3
1-0

[Event "TV2 Fagernes International 2018"]
[Site "Scandic Hotel Fagernes"]
[Date "2018.03.25"]
[Round "5"]
[White "Bernstein, Jonas August"]
[Black "Galinskyi, Mykhalo"]
[Result "1-0"]
[WhiteElo "1637"]
[BlackElo "1515"]
[PlyCount "47"]
[EventDate "2018.??.??"]

1. d4 d5 2. c4 dxc4 3. e3 e6 4. Bxc4 Nf6 5. Nf3 c5 6. O-O Qc7 7. Qe2 Nc6 8. Nc3
Be7 9. dxc5 Bxc5 10. a3 a5 11. e4 Ng4 12. Nb5 Qb8 13. h3 Nge5 14. Bf4 Nxf3+ 15.
Qxf3 e5 16. Bxf7+ Kd8 17. Bg5+ Be7 18. Rfd1+ Bd7 19. Rxd7+ Kxd7 20. Qf5+ Kd8
21. Rd1+ Nd4 22. Nxd4 exd4 23. Rxd4+ Kc7 24. Bf4+
1-0

[Event "TV2 Fagernes International 2018"]
[Site "Scandic Hotel Fagernes"]
[Date "2018.03.25"]
[Round "5"]
[White "Strømhaug, Kristoffer Wang"]
[Black "Lang, Gusztav Jr"]
[Result "0-1"]
[WhiteElo "1472"]
[BlackElo "1630"]
[PlyCount "56"]
[EventDate "2018.??.??"]

1. e4 c5 2. Nf3 Nc6 3. Nc3 e6 4. d3 g6 5. g3 Bg7 6. Bg2 Nge7 7. Be3 d6 8. Qd2
O-O 9. Bh6 Rb8 10. Bxg7 Kxg7 11. O-O b5 12. a3 d5 13. exd5 exd5 14. d4 c4 15.
Ne5 Nxe5 16. dxe5 d4 17. Ne2 Nf5 18. Rad1 Re8 19. Nxd4 Nxd4 20. Qxd4 Qxd4 21.
Rxd4 Rxe5 22. Rd8 a5 23. Rfd1 Bg4 24. Rxb8 Bxd1 25. c3 Re1+ 26. Bf1 Be2 27.
Rxb5 Bxf1 28. Rxa5 Bh3#
0-1

[Event "TV2 Fagernes International 2018"]
[Site "Scandic Hotel Fagernes"]
[Date "2018.03.25"]
[Round "5"]
[White "Ji, Jiahao Eric"]
[Black "Gjære, Vidar"]
[Result "0-1"]
[WhiteElo "1462"]
[BlackElo "1623"]
[PlyCount "100"]
[EventDate "2018.??.??"]

1. e4 g6 2. d4 Bg7 3. Nc3 d6 4. Nf3 a6 5. Bc4 b5 6. Bb3 Bb7 7. O-O e6 8. d5 e5
9. Be3 Ne7 10. Nd2 O-O 11. a4 b4 12. Na2 a5 13. c3 bxc3 14. Nxc3 f5 15. f3 f4
16. Bf2 g5 17. g3 fxg3 18. hxg3 Ng6 19. Kg2 h5 20. Rh1 h4 21. Rh2 Bc8 22. Be3
hxg3 23. Kxg3 Qf6 24. Nb5 Na6 25. Rc1 Rf7 26. Rc3 Nf4 27. Rf2 Qh6 28. Rh2 Bh3
29. Rxh3 Qxh3+ 30. Kf2 Qg2+ 31. Ke1 Qh1+ 32. Nf1 Ng2+ 33. Kd2 Nxe3 34. Rxe3 g4
35. Kc1 Bh6 36. Bc4 Rxf3 37. Kd2 Rxe3 38. Qxg4+ Kh8 39. Nxe3 Qh2+ 40. Kd3 Nc5+
41. Kc3 Bxe3 42. Be2 Rg8 43. Qf3 Bf4 44. Kc4 Rg3 45. Qf1 Nxe4 46. Qd1 Qf2 47.
Nd4 Qxd4+ 48. Qxd4 exd4 49. Kxd4 Nf6 50. Kc4 Re3
0-1

[Event "TV2 Fagernes International 2018"]
[Site "Scandic Hotel Fagernes"]
[Date "2018.03.25"]
[Round "5"]
[White "Smedsrud, Morten S"]
[Black "Shehzad, Alisha"]
[Result "0-1"]
[WhiteElo "1349"]
[BlackElo "1598"]
[PlyCount "102"]
[EventDate "2018.??.??"]

1. e4 c5 2. Nf3 e6 3. d4 cxd4 4. Nxd4 Nc6 5. Nc3 a6 6. Be3 Nf6 7. Be2 Qc7 8.
Qd2 Bb4 9. Bf3 Ne5 10. Bf4 Nxf3+ 11. Nxf3 Qc5 12. Be3 Qa5 13. Qd4 b5 14. Nd2
Bxc3 15. bxc3 O-O 16. O-O d5 17. e5 Nd7 18. f4 Bb7 19. f5 Qc7 20. f6 Qxe5 21.
fxg7 Qxg7 22. Rf3 Qxd4 23. Bxd4 f6 24. Raf1 e5 25. Be3 Kf7 26. Rh3 Rh8 27. Nf3
Ke7 28. Nh4 Ke6 29. Nf5 Rac8 30. Rg3 Rhg8 31. Ng7+ Kf7 32. Bh6 Rc4 33. Nf5 Rxg3
34. hxg3 Ke6 35. Ng7+ Kd6 36. Nf5+ Kc7 37. Rd1 Rxc3 38. Ne3 d4 39. Rd3 Rxd3 40.
cxd3 dxe3 41. Bxe3 Kc6 42. Kf2 Kd5 43. Kf3 a5 44. Kg4 Ke6 45. Kh5 Bxg2 46. Kh6
Bf1 47. d4 e4 48. Kxh7 Bc4 49. a3 b4 50. Bd2 b3 51. Bc1 e3
0-1

[Event "TV2 Fagernes International 2018"]
[Site "Scandic Hotel Fagernes"]
[Date "2018.03.25"]
[Round "5"]
[White "Selvik, Elma"]
[Black "Wærstad, Leif E"]
[Result "0-1"]
[WhiteElo "1263"]
[BlackElo "1585"]
[PlyCount "64"]
[EventDate "2018.??.??"]

1. e4 c5 2. Nf3 Nc6 3. d4 cxd4 4. Nxd4 g6 5. Nc3 Bg7 6. Be3 d6 7. Bc4 Nf6 8.
O-O O-O 9. Qd2 Ng4 10. Nf3 Nxe3 11. Qxe3 Bd7 12. Rad1 a6 13. Rfe1 Rc8 14. Rd2
Bg4 15. h3 Bxf3 16. Qxf3 Ne5 17. Bxf7+ Rxf7 18. Qg3 Nc4 19. Rde2 Be5 20. Qg5
Qf8 21. Rb1 Rc5 22. Qc1 Bd4 23. Qf1 Rg5 24. Nd1 Rf3 25. c3 Bb6 26. Kh1 Ne3 27.
Nxe3 Bxe3 28. Rxe3 Rxf2 29. Qc4+ Kg7 30. g4 Qf4 31. Qd4+ e5 32. Qd3 Qh2#
0-1

[Event "TV2 Fagernes International 2018"]
[Site "Scandic Hotel Fagernes"]
[Date "2018.03.25"]
[Round "5"]
[White "Evenshaug, Amadeus Hestvik"]
[Black "Hestvik, Elias"]
[Result "0-1"]
[WhiteElo "1327"]
[BlackElo "1572"]
[PlyCount "118"]
[EventDate "2018.??.??"]

1. g3 Nf6 2. Bg2 g6 3. d4 d5 4. Nf3 Bg7 5. e3 b6 6. b3 Ba6 7. Bb2 O-O 8. Ne5 e6
9. Nd3 Nbd7 10. O-O c5 11. Re1 Rc8 12. Nc3 Qc7 13. Nf4 Rfe8 14. Rc1 Qb8 15. a4
Rc7 16. Nb5 Bxb5 17. axb5 Rec8 18. c4 cxd4 19. Ba3 Bf8 20. Bxf8 Kxf8 21. Qxd4
e5 22. Qd2 exf4 23. exf4 dxc4 24. Qd6+ Kg8 25. Bc6 Rxc6 26. Qxb8 Nxb8 27. bxc6
cxb3 28. Rb1 Nxc6 29. Rxb3 Nd7 30. Rbe3 Nc5 31. Re8+ Rxe8 32. Rxe8+ Kg7 33. Rc8
Nd4 34. Ra8 a5 35. Rb8 b5 36. Rd8 Ncb3 37. Kf1 a4 38. Ra8 Nc2 39. Ke2 a3 40.
Kd1 Nbd4 41. h4 b4 42. Kc1 b3 43. Kb1 a2+ 44. Kb2 a1=Q+ 45. Rxa1 Nxa1 46. Kxa1
h5 47. Kb2 Kf6 48. Kc3 Ke6 49. Kxd4 b2 50. f3 b1=Q 51. g4 hxg4 52. fxg4 Qb4+
53. Ke3 Kd5 54. h5 Qc3+ 55. Kf2 Ke4 56. h6 Qf3+ 57. Kg1 Qe2 58. h7 Kf3 59. h8=N
Qg2#
0-1

[Event "TV2 Fagernes International 2018"]
[Site "Scandic Hotel Fagernes"]
[Date "2018.03.25"]
[Round "5"]
[White "Skotheim, Håvard"]
[Black "Rynning, Rune Kleiven"]
[Result "0-1"]
[WhiteElo "1324"]
[BlackElo "1567"]
[PlyCount "80"]
[EventDate "2018.??.??"]

1. e4 c5 2. Nc3 Nc6 3. f4 g6 4. Nf3 Bg7 5. Bb5 Nd4 6. O-O Nxb5 7. Nxb5 d6 8. d3
a6 9. Nc3 e6 10. a4 Ne7 11. Bd2 b6 12. Qe1 Bb7 13. Nd1 d5 14. Bc3 d4 15. Bd2
O-O 16. Qh4 Nc6 17. Qh3 Qc7 18. f5 exf5 19. Bh6 fxe4 20. Ng5 Bc8 21. Qh4 f5 22.
Nxh7 Bxh6 23. Nxf8 Bxf8 24. Qg5 Ne7 25. Nf2 e3 26. Nh3 Qc6 27. Qh4 Bb7 28. Rf3
Nd5 29. Ng5 Nf6 30. b3 Nh5 31. Re1 Be7 32. Re2 Qf6 33. Rg3 Nxg3 34. Qh7+ Kf8
35. Qh6+ Ke8 36. hxg3 Qxg5 37. Qh8+ Kd7 38. Qh3 Qg4 39. Qxg4 fxg4 40. Kf1 Rf8+
0-1

[Event "TV2 Fagernes International 2018"]
[Site "Scandic Hotel Fagernes"]
[Date "2018.03.25"]
[Round "5"]
[White "Ji, Jiabao Eivind"]
[Black "Lie, Terje"]
[Result "0-1"]
[WhiteElo "1192"]
[BlackElo "1503"]
[PlyCount "112"]
[EventDate "2018.??.??"]

1. e4 d6 2. d4 Nf6 3. Nc3 g6 4. Bg5 Bg7 5. Nf3 Bg4 6. Be2 Nc6 7. h3 Bxf3 8.
Bxf3 e5 9. dxe5 Nxe5 10. Nd5 O-O 11. O-O h6 12. Bh4 g5 13. Bg3 Nxd5 14. Bxe5
Bxe5 15. exd5 b6 16. Be4 Bxb2 17. Rb1 Bg7 18. Qd3 Qf6 19. Bh7+ Kh8 20. Bf5 Qd4
21. Qxd4 Bxd4 22. Rfe1 Be5 23. Rb4 a5 24. Rc4 Ra7 25. h4 f6 26. g3 Kg7 27. Rb1
Rb8 28. f4 b5 29. Re4 Bc3 30. Re7+ Kf8 31. Rd7 gxf4 32. gxf4 Re8 33. Be6 Bd4+
34. Kh1 Re7 35. Rd8+ Kg7 36. Rd1 Bc5 37. a3 b4 38. axb4 axb4 39. Rg8+ Kh7 40.
Rb1 Rxe6 41. dxe6 Kxg8 42. e7 Ra8 43. Rg1+ Bxg1 44. Kxg1 f5 45. Kf2 Kf7 46.
e8=Q+ Rxe8 47. Kf3 c5 48. h5 c4 49. Kg3 b3 50. cxb3 cxb3 51. Kf3 b2 52. Kf2
b1=Q 53. Kf3 Qd3+ 54. Kf2 Qd2+ 55. Kg3 Re3+ 56. Kh4 Qh2#
0-1

[Event "TV2 Fagernes International 2018"]
[Site "Scandic Hotel Fagernes"]
[Date "2018.03.25"]
[Round "5"]
[White "Ruud, Christian Holmboe"]
[Black "Nordquelle, Pål"]
[Result "0-1"]
[WhiteElo "1252"]
[BlackElo "1558"]
[PlyCount "59"]
[EventDate "2018.??.??"]

1. d4 Nf6 2. c4 e6 3. Bd2 b6 4. Nc3 Bb7 5. Nf3 d5 6. g3 Ne4 7. Bg2 Nxd2 8. Qxd2
dxc4 9. Qf4 Qe7 10. O-O g6 11. Nb5 Na6 12. Qe5 f6 13. Qe3 c6 14. Nc3 Nb4 15.
Rac1 Bg7 16. Nd2 Nd5 17. Nxd5 cxd5 18. Rc2 O-O 19. Rfc1 Rac8 20. b3 b5 21. Nb1
Rfe8 22. Qd2 f5 23. Nc3 b4 24. Na4 c3 25. Qf4 e5 26. Qe3 exd4 27. Qxe7 Rxe7 28.
Re1 d3 29. Rd2 cxd2 30. Rd1
0-1

[Event "TV2 Fagernes International 2018"]
[Site "Scandic Hotel Fagernes"]
[Date "2018.03.25"]
[Round "6"]
[White "Mihajlov, Svetoslav"]
[Black "Løbersli, Henrik Øie"]
[Result "1-0"]
[WhiteElo "2197"]
[BlackElo "2081"]
[PlyCount "73"]
[EventDate "2018.??.??"]

1. e4 e5 2. Nf3 Nc6 3. Bb5 a6 4. Ba4 Nf6 5. O-O Be7 6. Re1 b5 7. Bb3 O-O 8. a4
b4 9. h3 d6 10. a5 Be6 11. Bxe6 fxe6 12. c4 Nd4 13. Nxd4 exd4 14. d3 e5 15. Nd2
Qe8 16. c5 dxc5 17. Nc4 Bd6 18. f4 Nd7 19. f5 g6 20. Bh6 Rf6 21. Qg4 Kh8 22.
Rf1 Qg8 23. Bg5 Rf7 24. f6 h5 25. Qe6 Nf8 26. Qd5 Nh7 27. h4 Qf8 28. Nxe5 Bxe5
29. Qxe5 Qd6 30. Qf4 Re8 31. Qc1 Ref8 32. Bh6 Re8 33. Bf4 Qxf6 34. Be5 Rxe5 35.
Rxf6 Rxf6 36. Qc4 g5 37. Rf1
1-0

[Event "TV2 Fagernes International 2018"]
[Site "Scandic Hotel Fagernes"]
[Date "2018.03.25"]
[Round "6"]
[White "Aroven, Mikael"]
[Black "Darnell, Anton"]
[Result "1-0"]
[WhiteElo "2121"]
[BlackElo "2029"]
[PlyCount "124"]
[EventDate "2018.??.??"]

1. Nf3 d5 2. g3 Bg4 3. Bg2 c6 4. h3 Bxf3 5. Bxf3 e5 6. d3 Nf6 7. O-O Bc5 8. Nd2
O-O 9. c4 Re8 10. Bg2 Nbd7 11. cxd5 cxd5 12. Nb3 Bb6 13. Bd2 Rc8 14. a4 a6 15.
a5 Ba7 16. Ra4 Nc5 17. Rh4 Ne6 18. Rb4 Qd7 19. e3 Nc5 20. Nxc5 Bxc5 21. Rb3 Rc7
22. Qa1 Rec8 23. Rc1 d4 24. Rxc5 Rxc5 25. Rxb7 dxe3 26. Bxe3 R5c7 27. Rxc7 Rxc7
28. b4 Qb5 29. Bb6 Rd7 30. Qc3 Rxd3 31. Qc8+ Qe8 32. Qxa6 Rd1+ 33. Kh2 e4 34.
Qb7 h5 35. a6 Rd7 36. Qc6 Qb8 37. Bxe4 Nxe4 38. Qxd7 Qxb6 39. Qe8+ Kh7 40.
Qxe4+ g6 41. Qf4 Qxa6 42. Qxf7+ Kh6 43. Qf8+ Kh7 44. h4 Qb7 45. Qc5 Qf3 46.
Qa7+ Kg8 47. Qb8+ Kh7 48. Qc7+ Kg8 49. Qd8+ Kf7 50. Qc7+ Kg8 51. Qc4+ Kh7 52.
Qf4 Qd5 53. Qc7+ Kg8 54. Qc5 Qf3 55. b5 Kg7 56. b6 Kg8 57. Qc8+ Kg7 58. Qc7+
Kg8 59. Qb8+ Kh7 60. Qf4 Qb3 61. Qc7+ Kh6 62. b7 Qb2
1-0

[Event "TV2 Fagernes International 2018"]
[Site "Scandic Hotel Fagernes"]
[Date "2018.03.25"]
[Round "6"]
[White "Aarnes, Eirik"]
[Black "Guddahl, Viggo"]
[Result "1-0"]
[WhiteElo "1785"]
[BlackElo "2072"]
[PlyCount "43"]
[EventDate "2018.??.??"]

1. e4 e6 2. d4 d5 3. Nd2 c5 4. exd5 Qxd5 5. Ngf3 cxd4 6. Bc4 Qd6 7. O-O Nf6 8.
Nb3 Nc6 9. Nbxd4 Nxd4 10. Nxd4 Bd7 11. Be3 Qc7 12. Qe2 Ng4 13. Qxg4 Qxc4 14.
Qg3 f6 15. Rad1 e5 16. b3 Qf7 17. Qf3 Rb8 18. Nf5 Bc6 19. Qh3 a6 20. Bb6 Ra8
21. Rd6 g6 22. Re6+
1-0

[Event "TV2 Fagernes International 2018"]
[Site "Scandic Hotel Fagernes"]
[Date "2018.03.25"]
[Round "6"]
[White "Loberg, Jo Kristian"]
[Black "Melaa, Sondre Lillestøl"]
[Result "1/2-1/2"]
[WhiteElo "2060"]
[BlackElo "1844"]
[PlyCount "89"]
[EventDate "2018.??.??"]

1. e4 e5 2. Nf3 Nc6 3. d4 exd4 4. Bc4 Bc5 5. c3 Nf6 6. cxd4 Bb4+ 7. Bd2 Nxe4 8.
Bxb4 Nxb4 9. Bxf7+ Kxf7 10. Qb3+ Kf8 11. Qxb4+ Qe7 12. Qxe7+ Kxe7 13. O-O Re8
14. Re1 Kf8 15. Nc3 Nxc3 16. bxc3 Rxe1+ 17. Rxe1 d6 18. Ng5 h6 19. Ne6+ Bxe6
20. Rxe6 b5 21. d5 a5 22. g3 b4 23. Re4 Rb8 24. cxb4 axb4 25. Kf1 b3 26. axb3
Rxb3 27. Rc4 Rd3 28. Rxc7 Rxd5 29. Rd7 Rh5 30. h4 Rd5 31. Ke2 g5 32. hxg5 hxg5
33. Kf3 Rf5+ 34. Kg4 Rxf2 35. Rxd6 Kg7 36. Kxg5 Rf7 37. g4 Ra7 38. Kh5 Rb7 39.
g5 Ra7 40. Rd5 Rb7 41. Re5 Rb6 42. Re7+ Kg8 43. Ra7 Rc6 44. g6 Rc1 45. Kh6
1/2-1/2

[Event "TV2 Fagernes International 2018"]
[Site "Scandic Hotel Fagernes"]
[Date "2018.03.25"]
[Round "6"]
[White "Hagesæther, Arne"]
[Black "Vitenberg, Noam Aviv"]
[Result "0-1"]
[WhiteElo "2002"]
[BlackElo "1975"]
[PlyCount "97"]
[EventDate "2018.??.??"]

1. d4 d5 2. c4 e6 3. Nf3 c6 4. g3 dxc4 5. Bg2 b5 6. Ne5 Bb7 7. a4 a6 8. O-O Nf6
9. Nc3 Nd5 10. e4 Nxc3 11. bxc3 Nd7 12. Ng4 Nb6 13. f4 Be7 14. f5 exf5 15. Rxf5
O-O 16. Rf2 Kh8 17. Ne5 f6 18. Ng4 Nxa4 19. Rxa4 bxa4 20. Qxa4 c5 21. d5 Qb6
22. Rb2 Qa7 23. Bf4 Bc8 24. Bf3 Bd7 25. Qa5 g5 26. Be3 Rfb8 27. Rd2 Bxg4 28.
Bxg4 Qb6 29. Qa3 Qb1+ 30. Kf2 Qxe4 31. Bf3 Qf5 32. h3 Bd6 33. Bxc5 Rb3 34. Bxd6
Rxa3 35. Bxa3 Qxh3 36. Be7 Qf5 37. g4 Qf4 38. Re2 h5 39. Re4 Qd2+ 40. Be2 Qxd5
41. Bxf6+ Kh7 42. Bf3 Qd2+ 43. Re2 Qf4 44. Re7+ Kg8 45. Be5 Qd2+ 46. Kg3 Qe1+
47. Kg2 Rd8 48. Bd6 Qd2+ 49. Re2
0-1

[Event "TV2 Fagernes International 2018"]
[Site "Scandic Hotel Fagernes"]
[Date "2018.03.25"]
[Round "6"]
[White "Ayzenberg, Alena"]
[Black "Hoel, Mathias"]
[Result "1/2-1/2"]
[WhiteElo "1950"]
[BlackElo "1842"]
[PlyCount "88"]
[EventDate "2018.??.??"]

1. d4 Nf6 2. c4 e6 3. Nf3 d5 4. g3 Be7 5. Bg2 O-O 6. O-O dxc4 7. Ne5 Nc6 8.
Nxc6 bxc6 9. Na3 Bxa3 10. bxa3 Rb8 11. Qa4 Qxd4 12. Be3 Qb2 13. Qxc4 Qb5 14.
Qxb5 Rxb5 15. Bxc6 Rb2 16. Bc5 Rd8 17. Rfd1 Rbd2 18. Rxd2 Rxd2 19. Bf3 a5 20.
Be3 Rc2 21. Rc1 Rxc1+ 22. Bxc1 Kf8 23. Bf4 Nd5 24. Bd2 a4 25. e4 Ne7 26. Be2
Ke8 27. Bc3 f6 28. Bc4 Bb7 29. f3 Kd7 30. Kf2 c5 31. g4 e5 32. g5 Kd6 33. gxf6
gxf6 34. Bd2 Bc8 35. Be3 Bd7 36. Kg3 f5 37. Bf2 Bc6 38. exf5 Nxf5+ 39. Kg4 Nd4
40. f4 Bd7+ 41. Kg3 e4 42. Be3 Nf5+ 43. Kf2 Nd4 44. Bg8 Bf5
1/2-1/2

[Event "TV2 Fagernes International 2018"]
[Site "Scandic Hotel Fagernes"]
[Date "2018.03.25"]
[Round "6"]
[White "Narva, Regina"]
[Black "Skrede, Snorre"]
[Result "1-0"]
[WhiteElo "1939"]
[BlackElo "1870"]
[PlyCount "123"]
[EventDate "2018.??.??"]

1. e4 c5 2. b3 g6 3. Bb2 Nf6 4. e5 Nd5 5. c4 Nc7 6. e6 f6 7. exd7+ Bxd7 8. d4
cxd4 9. Qxd4 Nc6 10. Qe3 Bg7 11. Nf3 O-O 12. Be2 Re8 13. O-O e5 14. Rd1 Qe7 15.
Nc3 Be6 16. Nd5 Qf7 17. a3 Nd4 18. Nxc7 Nxe2+ 19. Qxe2 Qxc7 20. Rac1 Rad8 21.
Rxd8 Rxd8 22. Rd1 Rxd1+ 23. Qxd1 Qd7 24. Qe2 Bf5 25. h3 Qd3 26. Qxd3 Bxd3 27.
Ne1 Be2 28. c5 Kf7 29. b4 Ke6 30. Nc2 Bh6 31. f3 Bd3 32. Ne1 Be3+ 33. Kh2 Bb1
34. g4 Kd5 35. Ng2 Bd4 36. Bc1 Kc4 37. Ne3+ Kb3 38. Nd5 e4 39. fxe4 Bxe4 40.
Ne7 Bb2 41. Bxb2 Kxb2 42. b5 Kxa3 43. c6 bxc6 44. bxc6 Kb4 45. c7 Bb7 46. Nc6+
Kc5 47. Nxa7 Kd6 48. c8=Q Bxc8 49. Nxc8+ Ke6 50. Kg3 h6 51. Kf4 Kf7 52. Nd6+
Ke6 53. Ne4 g5+ 54. Kf3 f5 55. Ng3 fxg4+ 56. hxg4 Kf6 57. Ke4 Kg6 58. Ke5 Kf7
59. Kf5 Kg7 60. Ke6 Kg6 61. Nh5 Kh7 62. Kf7 
1-0

[Event "TV2 Fagernes International 2018"]
[Site "Scandic Hotel Fagernes"]
[Date "2018.03.25"]
[Round "6"]
[White "Knutsen, Øystein"]
[Black "Ukkelberg, Øyvind"]
[Result "1/2-1/2"]
[WhiteElo "1815"]
[BlackElo "1939"]
[PlyCount "96"]
[EventDate "2018.??.??"]

1. c4 Nf6 2. Nc3 g6 3. e4 d6 4. g3 Bg7 5. Bg2 c5 6. Nge2 O-O 7. O-O Nc6 8. h3
Rb8 9. d3 Ne8 10. Be3 Nc7 11. d4 b6 12. Kh2 e5 13. dxc5 dxc5 14. Nd5 Ne6 15.
Qd2 Ned4 16. Nxd4 Nxd4 17. Bxd4 cxd4 18. Rac1 Be6 19. Rc2 Qd7 20. Rfc1 f5 21.
f3 h5 22. h4 Kh7 23. Qb4 fxe4 24. fxe4 d3 25. Rc3 d2 26. Rd1 Bh6 27. Rd3 Bxd5
28. Rxd5 Qe6 29. Qb5 Rbe8 30. a4 Qg4 31. Rd7+ Kh8 32. Rxa7 Be3 33. Rf1 Bc5 34.
Bf3 Qe6 35. Qd7 Qxd7 36. Rxd7 Rd8 37. Rxd8 Rxd8 38. Bd1 Rd4 39. Rf2 Bb4 40. b3
Kg7 41. Re2 Kf6 42. Kg2 Ke6 43. Kf3 Bc5 44. Rg2 Bb4 45. Ke3 Rd8 46. Ke2 Kd6 47.
Rf2 Ke6 48. Rf1 Rd4 
1/2-1/2

[Event "TV2 Fagernes International 2018"]
[Site "Scandic Hotel Fagernes"]
[Date "2018.03.25"]
[Round "6"]
[White "Filen, Hannu"]
[Black "Ali, Karim"]
[Result "1-0"]
[WhiteElo "1930"]
[BlackElo "1739"]
[PlyCount "73"]
[EventDate "2018.??.??"]

1. d4 e6 2. Bf4 f5 3. e3 Nf6 4. Nd2 d6 5. Ngf3 Be7 6. c3 Ne4 7. Nxe4 fxe4 8.
Nd2 d5 9. Qb3 Nd7 10. Be2 Nf6 11. g4 h6 12. h4 c6 13. O-O-O Qb6 14. Qc2 h5 15.
f3 exf3 16. Qg6+ Kd8 17. Nxf3 Bd7 18. Ng5 Rg8 19. gxh5 c5 20. Qf7 Rf8 21. Qxg7
Be8 22. Be5 Nxh5 23. Qh6 Nf6 24. Rhf1 Rg8 25. Bxf6 Bg6 26. h5 Bf5 27. Rxf5 exf5
28. Bxe7+ Kxe7 29. Qh7+ Kd6 30. Nf7+ Ke6 31. Ne5 Qd8 32. Qf7+ Kd6 33. c4 Rf8
34. Qxd5+ Kc7 35. Qxc5+ Kb8 36. Qxf8 Qxf8 37. Nd7+
1-0

[Event "TV2 Fagernes International 2018"]
[Site "Scandic Hotel Fagernes"]
[Date "2018.03.25"]
[Round "6"]
[White "Haynes, Noah"]
[Black "Myrheim, Håkon Abeland"]
[Result "1/2-1/2"]
[WhiteElo "1648"]
[BlackElo "1914"]
[PlyCount "93"]
[EventDate "2018.??.??"]

1. d4 g6 2. e4 Bg7 3. Nf3 d6 4. Be3 Nf6 5. Nc3 a6 6. a4 b6 7. h3 Bb7 8. Bd3
Nbd7 9. Qd2 c5 10. d5 Rc8 11. Bc4 h6 12. Bf4 Nh5 13. Bh2 Ne5 14. Nxe5 dxe5 15.
O-O Qd6 16. Ne2 O-O 17. Rab1 f5 18. f3 f4 19. b4 cxb4 20. Qxb4 Qxb4 21. Rxb4 a5
22. Rxb6 Rxc4 23. Rxb7 Rxc2 24. Nc1 Rfc8 25. Nb3 Ra2 26. Rf2 Rxf2 27. Kxf2 Rc2+
28. Kg1 Bf6 29. Nxa5 Rc1+ 30. Kf2 Bh4+ 31. Ke2 Rh1 32. Nc6 Rxh2 33. Nxe7+ Bxe7
34. Rxe7 Rxg2+ 35. Ke1 Ra2 36. d6 Nf6 37. d7 Nxd7 38. Rxd7 Rxa4 39. Rd5 Ra3 40.
Kf2 Ra2+ 41. Kg1 Kf7 42. Rxe5 h5 43. h4 Rb2 44. Rc5 Re2 45. Rb5 Re1+ 46. Kg2
Re2+ 47. Kg1
1/2-1/2